<?xml version="1.0" encoding="UTF-8"?>
<record
    xmlns:xsi="http://www.w3.org/2001/XMLSchema-instance"
    xsi:schemaLocation="http://www.loc.gov/MARC21/slim http://www.loc.gov/standards/marcxml/schema/MARC21slim.xsd"
    xmlns="http://www.loc.gov/MARC21/slim">

  <leader>00251nas a2200121   4500</leader>
  <controlfield tag="001">CDOM0000000494</controlfield>
  <controlfield tag="003">mi</controlfield>
  <controlfield tag="005">20250923150703.0</controlfield>
  <controlfield tag="008">250820b        |||||||| |||| 00| 0 eng d</controlfield>
  <datafield tag="040" ind1=" " ind2=" ">
    <subfield code="c">mi</subfield>
  </datafield>
  <datafield tag="245" ind1="1" ind2=" ">
    <subfield code="a">Famiglia Oggi </subfield>
  </datafield>
  <datafield tag="942" ind1=" " ind2=" ">
    <subfield code="2">ddc</subfield>
    <subfield code="c">CR</subfield>
  </datafield>
  <datafield tag="999" ind1=" " ind2=" ">
    <subfield code="c">3788</subfield>
    <subfield code="d">3788</subfield>
  </datafield>
  <datafield tag="952" ind1=" " ind2=" ">
    <subfield code="0">0</subfield>
    <subfield code="1">0</subfield>
    <subfield code="2">ddc</subfield>
    <subfield code="4">0</subfield>
    <subfield code="7">1</subfield>
    <subfield code="a">MI</subfield>
    <subfield code="b">MI</subfield>
    <subfield code="d">2005-05-11</subfield>
    <subfield code="h">n. 47 (settembre-ottobre 1990)</subfield>
    <subfield code="i">3123</subfield>
    <subfield code="l">0</subfield>
    <subfield code="p">CDOM3123</subfield>
    <subfield code="r">2025-07-07 11:14:00</subfield>
    <subfield code="w">2025-07-07</subfield>
    <subfield code="y">CR</subfield>
  </datafield>
  <datafield tag="952" ind1=" " ind2=" ">
    <subfield code="0">0</subfield>
    <subfield code="1">0</subfield>
    <subfield code="2">ddc</subfield>
    <subfield code="4">0</subfield>
    <subfield code="7">0</subfield>
    <subfield code="a">GE</subfield>
    <subfield code="b">GE</subfield>
    <subfield code="d">2025-09-23</subfield>
    <subfield code="h">n. 11 (novembre 1993 - anno XVI)</subfield>
    <subfield code="l">0</subfield>
    <subfield code="o">306.766 FAM OMO</subfield>
    <subfield code="p">2080</subfield>
    <subfield code="r">2025-09-23 15:06:00</subfield>
    <subfield code="w">2025-09-23</subfield>
    <subfield code="y">CR</subfield>
    <subfield code="z">Omosessualit&#xE0;: Interrogativi e drammi di un mondo emarginato e poco conosciuto. DOSSIER: Cos&#xEC; uguali cos&#xEC; diversi. Sedici omosessuali si raccontano. Interventi di Stefano Rodot&#xE0;, Mario Pollo, Paolo Dell'Orto, Giacomo Rossi, Domenico Pezzini. Fondo Giovanni Delfino.</subfield>
  </datafield>
</record>
